000 02266nam a2200577 i 4500
001 15356
003 KOSZ 005
005 20200629085525.0
008 200410s1973 pl a f 000 0 pol
015 _aUWD 1973/4284
035 _a991033275759705066
035 _a(PL-WaBN)b18913799-48omnis_nlop
035 _ab18913799
035 _a(OCoLC)839005514
035 _a(PL)b0000001891379
035 _a(EXLNZ-48OMNIS_NETWORK)9910521673205606
040 _aWA N
_cWA N
_dKOSZ 005/RW
041 0 _apol
_beng
_brus
046 _k1973
080 _a658.2
080 _a620.91
245 0 0 _aWyznaczanie zapotrzebowania mocy i racjonalne użytkowanie energii elektrycznej w przemyśle =
_bDetermination of power demand /
_c[redakcja naukowa Andrzej Żeleński].
246 3 1 _aDetermination of power demand
260 _aWrocław :
_bWydawnictwo Politechniki Wrocławskiej,
_c1973.
300 _a76 stron :
_bilustracje ;
_c24 cm.
336 _aTekst
_btxt
_2rdacontent
337 _aBez urządzenia pośredniczącego
_bn
_2rdamedia
338 _aWolumin
_bnc
_2rdacarrier
380 _aKsiążki
380 _aPublikacje naukowe
388 _a1901-2000
388 _a1945-1989
490 1 _aPrace Naukowe Instytutu Energoelektryki Politechniki Wrocławskiej. Studia i Materiały,
_x0084-2826 ;
_vnr 21
500 _aNumeracja serii głównej : nr 22.
504 _aBibliografia przy pracach.
546 _aStreszczenie w języku rosyjskim i angielskim.
650 7 _aEnergia elektryczna
_2DBN
650 7 _aEkonomika
650 7 _aPrzemysł
_2DBN
650 7 _aEnergetyka
655 7 _aPraca zbiorowa
658 _aGospodarka, ekonomia, finanse
658 _aInżynieria i technika
700 1 _aŻeleński, Andrzej
_d(1920-2007)
_eRedakcja
710 2 _aOficyna Wydawnicza Politechniki Wrocławskiej
_4pbl
830 0 _aPrace Naukowe Instytutu Energoelektryki Politechniki Wrocławskiej
_vnr 22
830 0 _aPrace Naukowe Instytutu Energoelektryki Politechniki Wrocławskiej.
_pStudia i Materiały
_vnr 21
856 _uhttp://koha.tu.koszalin.pl/cgi-bin/koha/opac-detail.pl?biblionumber=15356
_yKatalog online BPK
942 _2UKD
_cKS
999 _c15356
_d15356